[Event "29th Czech Open-Rapid 2018"]
[Site "Pardubice"]
[Date "2018.07.19"]
[Round "7"]
[White "Gallego Alcaraz, Andres Felipe"]
[Black "Nikologorsky, Matfei"]
[Result "1-0"]
[WhiteElo "2447"]
[BlackElo "2140"]
[Annotator "NA"]
[PlyCount "75"]
[EventDate "2018.07.18"]
[EventType "swiss"]
[EventCountry "CZE"]
[SourceTitle "playchess.com"]
[Source "ChessBase"]
[SourceQuality "1"]
[TimeControl "900+10"]

1. d4 {[%emt 0:00:00]} Nf6 {[%emt 0:00:00]} 2. c4 {[%emt 0:00:00]} g6 {[%emt 0:00:00]} 3. Nc3 {[%emt 0:00:00]} d5 {[%emt 0:00:00]} 4. Nf3 {[%emt 0:00:02]} Bg7 {[%emt 0:00:00]} 5. cxd5 {[%emt 0:00:02]} Nxd5 {[%emt 0:00:00]} 6. e4 {[%emt 0:00:02]} Nxc3 {[%emt 0:00:00]} 7. bxc3 {[%emt 0:00:01]} c5 {[%emt 0:00:01]} 8. Rb1 {[%emt 0:00:02]} Nc6 {[%emt 0:00:27]} 9. d5 {[%emt 0:00:22]} Ne5 {[%emt 0:01:31]} 10. Nxe5 {[%emt 0:01:37]} Bxe5 {[%emt 0:00:02]} 11. Bb5+ {[%emt 0:00:01]} Bd7 {[%emt 0:00:01]} 12. O-O {[%emt 0:00:31]} O-O {[%emt 0:00:18]} 13. Bh6 {[%emt 0:00:21]} Bxc3 {[%emt 0:00:14]} 14. Bxf8 {[%emt 0:00:24]} Kxf8 {[%emt 0:00:02]} 15. Bxd7 {[%emt 0:00:19]} Qxd7 {[%emt 0:00:02]} 16. Qb3 {[%emt 0:00:01]} Bd4 {[%emt 0:00:18]} 17. Qxb7 {[%emt 0:00:04]} Qd8 {[%emt 0:00:10]} 18. Rfd1 {[%emt 0:00:26]} Kg7 {[%emt 0:01:21]} 19. g3 {[%emt 0:00:12]} Rc8 {[%emt 0:00:04]} 20. Rd2 {[%emt 0:01:01]} Rc7 {[%emt 0:00:20]} 21. Qa6 {[%emt 0:00:01]} h5 {[%emt 0:00:47]} 22. h4 {[%emt 0:00:16]} Qd7 {[%emt 0:00:16]} 23. Kg2 {[%emt 0:00:12]} f5 {[%emt 0:00:36]} 24. Qe2 {[%emt 0:00:39]} e6 {[%emt 0:00:38]} 25. dxe6 {[%emt 0:00:23]} Qxe6 {[%emt 0:00:02]} 26. exf5 {[%emt 0:00:07]} Qxf5 {[%emt 0:00:01]} 27. Qd3 {[%emt 0:02:04]} Qf6 {[%emt 0:02:15]} 28. Qe4 {[%emt 0:00:28]} Qf7 {[%emt 0:01:29]} 29. Rb8 {[%emt 0:01:16]} Re7 {[%emt 0:00:23]} 30. Qf3 {[%emt 0:00:08]} Qxf3+ {[%emt 0:01:28]} 31. Kxf3 {[%emt 0:00:02]} Rf7+ {[%emt 0:00:01]} 32. Kg2 {[%emt 0:00:01]} Kf6 {[%emt 0:00:15]} 33. Re2 {[%emt 0:00:25]} Rc7 {[%emt 0:00:54]} 34. Rf8+ {[%emt 0:00:36]} Kg7 {[%emt 0:00:02]} 35. Rd8 {[%emt 0:00:47]} Bf6 {[%emt 0:01:36]} 36. Rd6 {[%emt 0:00:07]} Be7 {[%emt 0:00:02]} 37. Ra6 {[%emt 0:00:11]} c4 {[%emt 0:00:01]} 38. Ree6 {[%emt 0:00:10]} 1-0

[Event "29th Czech Open-Rapid 2018"]
[Site "Pardubice"]
[Date "2018.07.19"]
[Round "7"]
[White "Zpevak, Pavel"]
[Black "Claridge Hansen, William"]
[Result "1-0"]
[WhiteElo "2440"]
[BlackElo "2146"]
[Annotator "NA"]
[PlyCount "75"]
[EventDate "2018.07.18"]
[EventType "swiss"]
[EventCountry "CZE"]
[SourceTitle "playchess.com"]
[Source "ChessBase"]
[SourceQuality "1"]
[TimeControl "900+10"]

1. d4 {[%emt 0:00:00]} Nf6 {[%emt 0:00:00]} 2. c4 {[%emt 0:00:00]} e6 {[%emt 0:00:00]} 3. Nf3 {[%emt 0:00:00]} b6 {[%emt 0:00:00]} 4. g3 {[%emt 0:00:00]} Bb7 {[%emt 0:00:00]} 5. Bg2 {[%emt 0:00:00]} Bb4+ {[%emt 0:00:00]} 6. Bd2 {[%emt 0:00:16]} c5 {[%emt 0:00:02]} 7. O-O {[%emt 0:00:14]} O-O {[%emt 0:00:09]} 8. Bg5 {[%emt 0:00:27]} cxd4 {[%emt 0:00:18]} 9. Qxd4 {[%emt 0:00:03]} h6 {[%emt 0:02:25]} 10. Bxf6 {[%emt 0:00:39]} Qxf6 {[%emt 0:00:02]} 11. Qxf6 {[%emt 0:00:04]} gxf6 {[%emt 0:00:02]} 12. a3 {[%emt 0:00:01]} Be7 {[%emt 0:00:05]} 13. Nc3 {[%emt 0:00:02]} Rd8 {[%emt 0:00:44]} 14. Rfd1 {[%emt 0:00:29]} d6 {[%emt 0:00:23]} 15. Nd4 {[%emt 0:00:26]} Bxg2 {[%emt 0:00:08]} 16. Kxg2 {[%emt 0:00:02]} a6 {[%emt 0:01:18]} 17. Na4 {[%emt 0:00:08]} b5 {[%emt 0:00:03]} 18. cxb5 {[%emt 0:00:19]} axb5 {[%emt 0:00:07]} 19. Nc3 {[%emt 0:00:01]} d5 {[%emt 0:01:22]} 20. Ncxb5 {[%emt 0:00:13]} f5 {[%emt 0:00:21]} 21. Rac1 {[%emt 0:04:12]} Kg7 {[%emt 0:00:13]} 22. Nc7 {[%emt 0:00:27]} Ra7 {[%emt 0:00:44]} 23. Ncxe6+ {[%emt 0:00:13]} fxe6 {[%emt 0:00:02]} 24. Nxe6+ {[%emt 0:00:00]} Kf6 {[%emt 0:00:13]} 25. Nxd8 {[%emt 0:00:10]} Bxd8 {[%emt 0:00:01]} 26. Rxd5 {[%emt 0:00:13]} Be7 {[%emt 0:00:13]} 27. Rc8 {[%emt 0:00:51]} Rb7 {[%emt 0:00:16]} 28. b4 {[%emt 0:00:20]} Ke6 {[%emt 0:00:40]} 29. Ra5 {[%emt 0:00:22]} Bf6 {[%emt 0:01:15]} 30. Ra8 {[%emt 0:00:59]} Nd7 {[%emt 0:00:15]} 31. Rc6+ {[%emt 0:01:06]} Kd5 {[%emt 0:01:13]} 32. Raa6 {[%emt 0:00:46]} Bg7 {[%emt 0:00:06]} 33. Rg6 {[%emt 0:00:43]} Nf8 {[%emt 0:01:19]} 34. Ra5+ {[%emt 0:00:31]} Ke4 {[%emt 0:00:11]} 35. Rd6 {[%emt 0:00:16]} f4 {[%emt 0:00:29]} 36. Rd3 {[%emt 0:00:48]} Be5 {[%emt 0:00:31]} 37. gxf4 {[%emt 0:00:34]} Bc7 {[%emt 0:00:56]} 38. f3+ {[%emt 0:00:22]} 1-0

[Event "29th Czech Open-Rapid 2018"]
[Site "Pardubice"]
[Date "2018.07.19"]
[Round "7"]
[White "Matviishen, Viktor"]
[Black "Buchcar, Tomas"]
[Result "1-0"]
[WhiteElo "2425"]
[BlackElo "2174"]
[Annotator "NA RC"]
[PlyCount "82"]
[EventDate "2018.07.18"]
[EventType "swiss"]
[EventCountry "CZE"]
[SourceTitle "playchess.com"]
[Source "ChessBase"]
[SourceQuality "1"]
[TimeControl "900+10"]

1. e4 {[%emt 0:00:00]} c5 {[%emt 0:00:00]} 2. Nf3 {[%emt 0:00:00]} e6 {[%emt 0:00:00]} 3. b3 {[%emt 0:00:00]} b6 {[%emt 0:00:00]} 4. Bb2 {[%emt 0:00:00]} Bb7 {[%emt 0:00:00]} 5. Nc3 {[%emt 0:00:06]} a6 {[%emt 0:00:08]} 6. Qe2 {[%emt 0:00:33]} d6 {[%emt 0:00:07]} 7. g4 {[%emt 0:00:20]} Qc7 {[%emt 0:00:02]} 8. h4 {[%emt 0:00:13]} Nc6 {[%emt 0:00:28]} 9. O-O-O {[%emt 0:00:13]} b5 {[%emt 0:01:08]} 10. d4 {[%emt 0:00:18]} cxd4 {[%emt 0:00:43]} 11. Nxd4 {[%emt 0:00:02]} b4 {[%emt 0:00:11]} 12. Na4 {[%emt 0:00:12]} Nf6 {[%emt 0:00:31]} 13. Bg2 {[%emt 0:01:25]} Rc8 {[%emt 0:01:05]} 14. g5 {[%emt 0:00:17]} Nd7 {[%emt 0:00:06]} 15. h5 {[%emt 0:00:08]} Be7 {[%emt 0:00:42]} 16. g6 {[%emt 0:00:32]} Nxd4 {[%emt 0:00:27]} 17. gxf7+ {[%emt 0:00:11]} Kxf7 {[%emt 0:00:08]} 18. Rxd4 {[%emt 0:00:09]} a5 {[%emt 0:01:37]} 19. f4 {[%emt 0:00:39]} Bf6 {[%emt 0:00:16]} 20. Rc4 {[%emt 0:01:00]} Qb8 {[%emt 0:00:01]} 21. Rxc8 {[%emt 0:00:03]} Rxc8 {[%emt 0:00:02]} 22. Rd1 {[%emt 0:01:24]} Qc7 {[%emt 0:00:11]} 23. Bh3 {[%emt 0:01:02]} Qc6 {[%emt 0:01:36]} 24. e5 {[%emt 0:02:24]} dxe5 {[%emt 0:00:11]} 25. f5 {[%emt 0:00:04]} Nf8 {[%emt 0:00:30]} 26. fxe6+ {[%emt 0:00:49]} Nxe6 {[%emt 0:00:02]} 27. Kb1 {[%emt 0:00:12]} Rc7 {[%emt 0:00:41]} 28. Bf5 {[%emt 0:00:20]} Qf3 {[%emt 0:00:30]} 29. Qxf3 {[%emt 0:00:09]} Bxf3 {[%emt 0:00:02]} 30. Rd6 {[%emt 0:00:03]} Nd4 {[%emt 0:00:27]} 31. Bxh7 {[%emt 0:00:10]} Nb5 {[%emt 0:00:32]} 32. Bg6+ {[%emt 0:00:05]} Ke7 {[%emt 0:00:03]} 33. Rb6 {[%emt 0:01:03]} Nd4 {[%emt 0:01:01]} 34. a3 {[%emt 0:00:12]} Rb7 {[%emt 0:00:34]} 35. Ra6 {[%emt 0:00:19]} Nc6 {[%emt 0:00:09]} 36. Nc5 {[%emt 0:00:14]} Rc7 {[%emt 0:01:10]} 37. Ne4 {[%emt 0:00:30]} Bh4 {[%emt 0:00:01]} 38. Ra8 {[%emt 0:00:27]} Ke6 {[%emt 0:00:46]} 39. Rf8 {[%emt 0:00:32]} Bd1 {[%emt 0:00:13]} 40. Rf1 {[%emt 0:02:10]} Be2 {[%emt 0:00:33]} 41. Bf5+ {[%emt 0:00:31]} Kd5 {[%emt 0:01:15]} 1-0

[Event "29th Czech Open-Rapid 2018"]
[Site "Pardubice"]
[Date "2018.07.19"]
[Round "7"]
[White "Potapov, Alexander"]
[Black "Harsha, Bharathakoti"]
[Result "0-1"]
[WhiteElo "2407"]
[BlackElo "2163"]
[Annotator "NA"]
[PlyCount "120"]
[EventDate "2018.07.18"]
[EventType "swiss"]
[EventCountry "CZE"]
[SourceTitle "playchess.com"]
[Source "ChessBase"]
[SourceQuality "1"]
[TimeControl "900+10"]

1. d4 {[%emt 0:00:00]} e6 {[%emt 0:01:08]} 2. c4 {[%emt 0:00:22]} d5 {[%emt 0:00:30]} 3. Nc3 {[%emt 0:00:04]} a6 {[%emt 0:00:03]} 4. cxd5 {[%emt 0:00:34]} exd5 {[%emt 0:00:01]} 5. Nf3 {[%emt 0:00:04]} Nf6 {[%emt 0:00:03]} 6. Bg5 {[%emt 0:00:02]} Be6 {[%emt 0:00:02]} 7. e3 {[%emt 0:00:05]} Nbd7 {[%emt 0:00:30]} 8. Be2 {[%emt 0:00:23]} h6 {[%emt 0:00:26]} 9. Bh4 {[%emt 0:00:07]} Bd6 {[%emt 0:00:35]} 10. Rc1 {[%emt 0:00:22]} c6 {[%emt 0:00:20]} 11. a3 {[%emt 0:00:20]} O-O {[%emt 0:00:15]} 12. O-O {[%emt 0:00:07]} Bf5 {[%emt 0:00:31]} 13. Na4 {[%emt 0:02:22]} Be7 {[%emt 0:03:13]} 14. b4 {[%emt 0:01:17]} Ne4 {[%emt 0:00:02]} 15. Bg3 {[%emt 0:00:35]} Bd6 {[%emt 0:02:05]} 16. Nc5 {[%emt 0:00:21]} Bxg3 {[%emt 0:00:02]} 17. hxg3 {[%emt 0:00:01]} Nd6 {[%emt 0:00:00]} 18. Ne5 {[%emt 0:01:57]} Nb6 {[%emt 0:01:17]} 19. g4 {[%emt 0:01:07]} Bh7 {[%emt 0:00:02]} 20. a4 {[%emt 0:00:09]} Re8 {[%emt 0:00:15]} 21. a5 {[%emt 0:00:40]} Nbc8 {[%emt 0:00:02]} 22. Bd3 {[%emt 0:00:27]} Bxd3 {[%emt 0:00:06]} 23. Qxd3 {[%emt 0:00:02]} Qe7 {[%emt 0:00:44]} 24. Rfe1 {[%emt 0:00:26]} f6 {[%emt 0:00:24]} 25. Ng6 {[%emt 0:00:09]} Qf7 {[%emt 0:00:01]} 26. Nh4 {[%emt 0:00:47]} h5 {[%emt 0:01:19]} 27. gxh5 {[%emt 0:00:03]} Qxh5 {[%emt 0:00:02]} 28. g3 {[%emt 0:00:01]} g5 {[%emt 0:00:40]} 29. Nf5 {[%emt 0:01:14]} Qh7 {[%emt 0:03:51]} 30. g4 {[%emt 0:00:42]} Nxf5 {[%emt 0:00:04]} 31. Qxf5 {[%emt 0:00:05]} Qxf5 {[%emt 0:00:08]} 32. gxf5 {[%emt 0:00:02]} Nd6 {[%emt 0:00:01]} 33. f3 {[%emt 0:00:26]} Nxf5 {[%emt 0:00:26]} 34. Nxb7 {[%emt 0:00:01]} Rab8 {[%emt 0:01:03]} 35. Nc5 {[%emt 0:00:02]} Rxb4 {[%emt 0:00:01]} 36. Nxa6 {[%emt 0:00:11]} Ra4 {[%emt 0:00:01]} 37. Nc7 {[%emt 0:03:41]} Re7 {[%emt 0:00:04]} 38. Rxc6 {[%emt 0:00:01]} Nxd4 {[%emt 0:00:05]} 39. Rxf6 {[%emt 0:00:02]} Kg7 {[%emt 0:00:54]} 40. Nxd5 {[%emt 0:00:05]} Re5 {[%emt 0:00:00]} 41. Rb1 {[%emt 0:01:50]} Rxd5 {[%emt 0:00:01]} 42. Ra6 {[%emt 0:00:01]} Nxf3+ {[%emt 0:00:11]} 43. Kf2 {[%emt 0:00:03]} Ne5 {[%emt 0:00:17]} 44. Rb7+ {[%emt 0:00:12]} Nf7 {[%emt 0:00:02]} 45. Raa7 {[%emt 0:00:05]} Rf5+ {[%emt 0:00:08]} 46. Kg3 {[%emt 0:00:01]} Kg6 {[%emt 0:00:24]} 47. Rb6+ {[%emt 0:00:13]} Kh5 {[%emt 0:00:16]} 48. a6 {[%emt 0:00:02]} Rg4+ {[%emt 0:00:09]} 49. Kh2 {[%emt 0:00:09]} Rh4+ {[%emt 0:00:08]} 50. Kg3 {[%emt 0:00:01]} Rg4+ {[%emt 0:00:04]} 51. Kh2 {[%emt 0:00:00]} Rh4+ {[%emt 0:00:19]} 52. Kg3 {[%emt 0:00:01]} Rg4+ {[%emt 0:00:11]} 53. Kh2 {[%emt 0:00:01]} Rf2+ {[%emt 0:00:08]} 54. Kh1 {[%emt 0:00:00]} Kh4 {[%emt 0:00:15]} 55. Rc7 {[%emt 0:00:25]} Ne5 {[%emt 0:00:03]} 56. Rb1 {[%emt 0:00:30]} Kg3 {[%emt 0:00:07]} 57. Rg1+ {[%emt 0:00:11]} Kh3 {[%emt 0:00:08]} 58. Rh7+ {[%emt 0:00:17]} Rh4 {[%emt 0:00:01]} 59. Rxh4+ {[%emt 0:00:13]} gxh4 {[%emt 0:00:02]} 60. Ra1 {[%emt 0:00:25]} Nf3 {[%emt 0:00:01]} 0-1

[Event "29th Czech Open-Rapid 2018"]
[Site "Pardubice"]
[Date "2018.07.19"]
[Round "7"]
[White "Annenkov, Kirill"]
[Black "Maslak, Alexander"]
[Result "1-0"]
[WhiteElo "2206"]
[BlackElo "2069"]
[Annotator "NA"]
[PlyCount "85"]
[EventDate "2018.07.18"]
[EventType "swiss"]
[EventCountry "CZE"]
[SourceTitle "playchess.com"]
[Source "ChessBase"]
[SourceQuality "1"]

1. d4 Nf6 2. c4 g6 3. g3 Bg7 4. Bg2 O-O 5. Nf3 d6 6. O-O Nc6 7. Nc3 a6 8. b3 Rb8 9. Nd5 e6 10. Nxf6+ Bxf6 11. Bh6 Re8 12. e4 e5 13. d5 Nd4 14. Be3 Bg4 15. Bxd4 exd4 16. Qd3 c5 17. dxc6 bxc6 18. h3 Bxf3 19. Bxf3 Qb6 20. h4 a5 21. h5 Qc5 22. Kg2 Qb4 23. hxg6 hxg6 24. e5 Rxe5 25. Bxc6 Qc3 26. Qf3 Qxf3+ 27. Kxf3 Rc8 28. Bd5 Rce8 29. a3 Rf5+ 30. Kg2 Re2 31. b4 d3 32. Rad1 axb4 33. axb4 Bd4 34. Bf3 Rc2 35. Rxd3 Rxc4 36. Rfd1 Bg7 37. Rxd6 Rxb4 38. R1d2 Bh6 39. Rc2 Kg7 40. Rd7 Rb6 41. Bd5 Rb5 42. Be4 Rf6 43. f3 1-0

[Event "29th Czech Open-Rapid 2018"]
[Site "Pardubice"]
[Date "2018.07.19"]
[Round "7"]
[White "Valenta, Vit"]
[Black "Pulpan, Jakub"]
[Result "1-0"]
[WhiteElo "2144"]
[BlackElo "2425"]
[Annotator "TA"]
[PlyCount "104"]
[EventDate "2018.07.18"]
[EventType "swiss"]
[EventCountry "CZE"]
[SourceTitle "playchess.com"]
[Source "ChessBase"]
[SourceQuality "1"]

1. Nf3 d5 2. c4 e6 3. e3 Nf6 4. Nc3 Be7 5. b3 O-O 6. g3 c5 7. cxd5 exd5 8. d4 Nc6 9. Bg2 Bg4 10. Ne2 Ne4 11. dxc5 Bf6 12. Rb1 Qa5+ 13. Bd2 Qxa2 14. Rc1 Bxf3 15. Bxf3 Ne5 16. Bxe4 dxe4 17. Kf1 Nd3 18. Rc4 Nb2 19. Rc2 Qxb3 20. Qb1 Qd3 21. Rxb2 Bxb2 22. Qxb2 b6 23. Bc3 Rfc8 24. Bxg7 f6 25. Bxf6 Rxc5 26. Bh8 Rc7 27. Kg2 Qc2 28. Qe5 Qxe2 29. Qxc7 Qf3+ 30. Kh3 Qh5+ 31. Kg2 Qf3+ 32. Kh3 Qf5+ 33. Kg2 Kxh8 34. Qc3+ Kg8 35. Qc4+ Kg7 36. Qd4+ Kg6 37. Rc1 Rf8 38. Rc6+ Kh5 39. f4 exf3+ 40. Kf2 Qh3 41. g4+ Qxg4 42. Rh6+ Kxh6 43. Qxg4 Rf6 44. h4 Rg6 45. Qf4+ Kg7 46. Qc7+ Kg8 47. Qxa7 Rf6 48. Qe7 Rf7 49. Qd8+ Kg7 50. Qxb6 Rf6 51. Qc5 Kf7 52. Qg5 h6 1-0

[Event "29th Czech Open-Rapid 2018"]
[Site "Pardubice"]
[Date "2018.07.19"]
[Round "7"]
[White "Pein, Jonathan"]
[Black "Salykin, Aleksandr"]
[Result "1/2-1/2"]
[WhiteElo "2123"]
[BlackElo "1745"]
[Annotator "NA"]
[PlyCount "58"]
[EventDate "2018.07.18"]
[EventType "swiss"]
[EventCountry "CZE"]
[SourceTitle "playchess.com"]
[Source "ChessBase"]
[SourceQuality "1"]

1. Nf3 d5 2. b3 c5 3. Bb2 Nc6 4. e3 Bg4 5. h3 Bh5 6. Bb5 Qb6 7. Ba4 e6 8. g4 Bg6 9. Ne5 Nf6 10. h4 Qc7 11. h5 Be4 12. f3 Nxg4 13. fxe4 Ngxe5 14. exd5 exd5 15. Nc3 O-O-O 16. Qe2 a6 17. Bxc6 Nxc6 18. O-O-O Kb8 19. Qg2 d4 20. Nd5 Qd6 21. e4 f5 22. d3 fxe4 23. dxe4 Qh6+ 24. Kb1 Rg8 25. Bc1 Qe6 26. Bg5 Re8 27. Rde1 Bd6 28. Rhf1 h6 29. Bd2 Ne7 1/2-1/2

[Event "29th Czech Open-Rapid 2018"]
[Site "Pardubice"]
[Date "2018.07.19"]
[Round "7"]
[White "Gorbatenko, Alexander"]
[Black "Gomes, Mary Ann"]
[Result "0-1"]
[WhiteElo "2093"]
[BlackElo "2297"]
[Annotator "NA"]
[PlyCount "70"]
[EventDate "2018.07.18"]
[EventType "swiss"]
[EventCountry "CZE"]
[SourceTitle "playchess.com"]
[Source "ChessBase"]
[SourceQuality "1"]

1. d4 Nf6 2. c4 e6 3. Nc3 Bb4 4. e3 b6 5. Bd3 Bb7 6. f3 O-O 7. Nge2 d5 8. O-O c5 9. a3 Bxc3 10. bxc3 Nc6 11. cxd5 exd5 12. Ng3 Re8 13. Qd2 Na5 14. Bb2 Nb3 15. Qf2 Nxa1 16. Bxa1 Qd7 17. Nf5 c4 18. Bc2 g6 19. Ng3 Re7 20. Bb2 Rae8 21. Bc1 b5 22. h4 h5 23. Ne2 Qd6 24. Nf4 Nh7 25. Kh1 a5 26. Rg1 Bc8 27. g4 hxg4 28. fxg4 Nf6 29. g5 Ne4 30. Bxe4 Rxe4 31. h5 Bf5 32. h6 Kh7 33. Qb2 Rxe3 34. Bxe3 Rxe3 35. Qf2 Be4+ 0-1

[Event "29th Czech Open-Rapid 2018"]
[Site "Pardubice"]
[Date "2018.07.19"]
[Round "7"]
[White "Michelle Catherina, P."]
[Black "Gabr, Mohsen"]
[Result "*"]
[WhiteElo "1970"]
[BlackElo "2181"]
[Annotator "NA RC"]
[PlyCount "66"]
[EventDate "2018.07.18"]
[EventType "swiss"]
[EventCountry "CZE"]
[SourceTitle "playchess.com"]
[Source "ChessBase"]
[SourceQuality "1"]

1. c4 g6 2. Nc3 Bg7 3. g3 d6 4. Bg2 Nf6 5. e4 c5 6. Nge2 Nc6 7. O-O O-O 8. d3 h6 9. h3 a6 10. Be3 e5 11. Qd2 Kh7 12. f4 exf4 13. gxf4 Nh5 14. f5 Nd4 15. Nd5 Nxe2+ 16. Qxe2 Ng3 17. Qf2 Nxf1 18. Rxf1 gxf5 19. exf5 Bf6 20. Be4 Rg8+ 21. Kh1 Bd7 22. Qf4 Bg5 23. Qxd6 Bc6 24. f6+ Kh8 25. Qe5 Bxd5 26. cxd5 Bxe3 27. Qf5 Rg6 28. h4 Qg8 29. Kh2 Rg4 30. Kh3 Rg3+ 31. Kh2 Bg1+ 32. Kh1 Rg4 33. Qh5 Be3 *

[Event "29th Czech Open-Rapid 2018"]
[Site "Pardubice"]
[Date "2018.07.19"]
[Round "7"]
[White "Barak, Gil"]
[Black "Frolov, Artur"]
[Result "1-0"]
[WhiteElo "1946"]
[BlackElo "2327"]
[Annotator "TA"]
[PlyCount "119"]
[EventDate "2018.07.18"]
[EventType "swiss"]
[EventCountry "CZE"]
[SourceTitle "playchess.com"]
[Source "ChessBase"]
[SourceQuality "1"]

1. e4 c5 2. Nf3 Nc6 3. d4 cxd4 4. Nxd4 e6 5. Nb5 d6 6. Bf4 e5 7. Be3 Be7 8. N1c3 a6 9. Na3 b5 10. Nd5 Rb8 11. c4 b4 12. Nc2 Nf6 13. Bd3 O-O 14. O-O Nd7 15. f3 Nc5 16. b3 Bg5 17. Qd2 Bxe3+ 18. Qxe3 a5 19. Rfd1 Ne7 20. f4 Nxd5 21. cxd5 f6 22. f5 Bd7 23. Rac1 Qb6 24. Kh1 Rfc8 25. Ne1 Rc7 26. Bc4 Rbc8 27. Nd3 Qb7 28. h3 Na4 29. bxa4 Rxc4 30. Rxc4 Rxc4 31. Rc1 Rxc1+ 32. Nxc1 Bxa4 33. Nb3 Bxb3 34. Qxb3 Qb5 35. Qc2 h6 36. Qc6 Qb8 37. Qd7 h5 38. Qe6+ Kf8 39. Qd7 h4 40. Kh2 Kg8 41. Qe6+ Kh7 42. Qd7 b3 43. axb3 Qxb3 44. Qe8 Qg3+ 45. Kh1 Qg5 46. Qc6 Qg3 47. Qe8 Qg5 48. Qc6 Qf4 49. Qe8 Qh6 50. Qc6 Qh5 51. Qxd6 a4 52. Qb4 Qd1+ 53. Kh2 Qb3 54. Qe7 a3 55. Qe8 Qg3+ 56. Kh1 a2 57. d6 Kh6 58. Qb5 Qf4 59. Qd5 Kh5 60. Qd1+ 1-0

[Event "29th Czech Open-Rapid 2018"]
[Site "Pardubice"]
[Date "2018.07.19"]
[Round "7"]
[White "Harshini, A."]
[Black "Illetsko, Jaroslav"]
[Result "0-1"]
[WhiteElo "1747"]
[BlackElo "2177"]
[Annotator "NA"]
[PlyCount "114"]
[EventDate "2018.07.18"]
[EventType "swiss"]
[EventCountry "CZE"]
[SourceTitle "playchess.com"]
[Source "ChessBase"]
[SourceQuality "1"]

1. e4 g6 2. d4 Bg7 3. Nf3 c6 4. Bd3 d6 5. O-O Bg4 6. c3 Nd7 7. h3 Bxf3 8. Qxf3 Ngf6 9. Nd2 O-O 10. Re1 e5 11. Nb3 Qc7 12. Bg5 h6 13. Bh4 Rae8 14. Rad1 Nh5 15. Bb1 a5 16. d5 c5 17. Nd2 b5 18. Nf1 c4 19. Ne3 Nhf6 20. Qe2 a4 21. a3 Nc5 22. Qf3 Nh7 23. Ng4 h5 24. Ne3 Bh6 25. g4 Bxe3 26. Qxe3 hxg4 27. hxg4 f6 28. Kg2 g5 29. Bg3 Rf7 30. Rh1 Rg7 31. Rh6 Kf7 32. Rdh1 Nf8 33. Qf3 Ng6 34. Rh7 Reg8 35. R1h6 Rxh7 36. Rxh7+ Rg7 37. Rh6 Qc8 38. Bc2 Nf4+ 39. Bxf4 gxf4 40. Bd1 Qg8 41. Be2 Rh7 42. Qh3 Rxh6 43. Qxh6 Qg7 44. Qh5+ Qg6 45. Qxg6+ Kxg6 46. f3 Kg5 47. Kf2 Nd7 48. Bf1 Kh4 49. Kg2 Nc5 50. Kf2 Nd3+ 51. Ke2 Nxb2 52. Kd2 Kg3 53. Kc2 Nd3 54. Bxd3 cxd3+ 55. Kxd3 Kxf3 56. c4 bxc4+ 57. Kxc4 Kxe4 0-1

[Event "29th Czech Open-Rapid 2018"]
[Site "Pardubice"]
[Date "2018.07.19"]
[Round "7"]
[White "Skoloud, Barnabas"]
[Black "Chrz, Pavel"]
[Result "0-1"]
[WhiteElo "1637"]
[BlackElo "2038"]
[Annotator "NA RC"]
[PlyCount "80"]
[EventDate "2018.07.18"]
[EventType "swiss"]
[EventCountry "CZE"]
[SourceTitle "playchess.com"]
[Source "ChessBase"]
[SourceQuality "1"]

1. e4 c5 2. c4 Nc6 3. Nc3 g6 4. g3 Bg7 5. Nge2 d6 6. Bg2 Bg4 7. O-O Qd7 8. d3 Nd4 9. f3 Bh3 10. Be3 h5 11. Rb1 h4 12. g4 Bxg2 13. Kxg2 h3+ 14. Kh1 Nh6 15. g5 Ng8 16. Ng3 e6 17. Qd2 Ne7 18. b4 Nec6 19. b5 Ne5 20. Bxd4 cxd4 21. Nce2 Qe7 22. Nxd4 Rh4 23. f4 Ng4 24. Nf3 Rh7 25. f5 Be5 26. Nxe5 Nxe5 27. Qe2 Qxg5 28. d4 Ng4 29. Rbe1 O-O-O 30. e5 dxe5 31. Ne4 Qh4 32. fxg6 fxg6 33. dxe5 Nxe5 34. Nf6 Nd3 35. Qxe6+ Kb8 36. Re4 Nf2+ 37. Rxf2 Qxf2 38. Qe5+ Ka8 39. Qg5 Qe1+ 40. Rxe1 Kb8 0-1

[Event "29th Czech Open-Rapid 2018"]
[Site "Pardubice"]
[Date "2018.07.19"]
[Round "8"]
[White "Boruchovsky, Avital"]
[Black "Gallego Alcaraz, Andres Felipe"]
[Result "0-1"]
[WhiteElo "2576"]
[BlackElo "2447"]
[Annotator "RC"]
[PlyCount "100"]
[EventDate "2018.07.18"]
[EventType "swiss"]
[EventCountry "CZE"]
[SourceTitle "playchess.com"]
[Source "ChessBase"]
[SourceQuality "1"]

1. e4 e6 2. d4 d5 3. Nc3 Bb4 4. exd5 exd5 5. Bd3 Ne7 6. Nge2 Nbc6 7. O-O Bg4 8. h3 Bh5 9. Be3 Bxc3 10. bxc3 Na5 11. Rb1 O-O 12. Re1 Qd7 13. Qc1 Bg6 14. Nf4 Rfe8 15. Bd2 b6 16. Qd1 Nc4 17. Bc1 c6 18. Re2 Nf5 19. Nxg6 hxg6 20. Bf4 Rxe2 21. Qxe2 Re8 22. Qf1 Nfd6 23. Re1 Re6 24. a4 Qe7 25. Rxe6 Qxe6 26. f3 b5 27. Qa1 Qe7 28. axb5 Nxb5 29. Kh2 Qa3 30. Qe1 Kf8 31. Qh4 Ke8 32. Bxc4 dxc4 33. Qg4 Qxc3 34. Qc8+ Ke7 35. Qb7+ Kf8 36. Qc8+ Ke7 37. Be5 f6 38. Qb7+ Kf8 39. Bg3 Nxd4 40. Qc8+ Kf7 41. Bd6 Nxf3+ 42. Kg3 Ne5+ 43. Kh2 Nf3+ 44. Kg3 Ne5+ 45. Kh2 g5 46. Qf8+ Kg6 47. Qe8+ Nf7 48. h4 gxh4 49. Qe4+ f5 50. Qxh4 Nxd6 0-1

[Event "29th Czech Open-Rapid 2018"]
[Site "Pardubice"]
[Date "2018.07.19"]
[Round "8"]
[White "Pulpan, Jakub"]
[Black "Semjonovs, Ilja"]
[Result "1-0"]
[WhiteElo "2425"]
[BlackElo "2187"]
[Annotator "NA RC"]
[PlyCount "84"]
[EventDate "2018.07.18"]
[EventType "swiss"]
[EventCountry "CZE"]
[SourceTitle "playchess.com"]
[Source "ChessBase"]
[SourceQuality "1"]

1. a3 e5 2. c4 Nf6 3. Nc3 Nc6 4. e3 d5 5. cxd5 Nxd5 6. Nf3 g6 7. Bb5 Bg7 8. Qa4 Nde7 9. d4 exd4 10. Nxd4 Bd7 11. Nxc6 Nxc6 12. Qe4+ Qe7 13. Qxe7+ Nxe7 14. Bxd7+ Kxd7 15. Bd2 Rad8 16. O-O-O Kc8 17. Ne4 Nc6 18. Ng5 Rd7 19. Bc3 Bxc3 20. bxc3 h6 21. Rxd7 Kxd7 22. Ne4 Ke7 23. Nc5 b6 24. Na6 Rc8 25. Rd1 Ne5 26. Kc2 c5 27. a4 Ng4 28. a5 Nxf2 29. axb6 axb6 30. Rb1 Rc6 31. Nb8 Rd6 32. Ra1 Ne4 33. Ra7+ Ke6 34. Na6 Rd2+ 35. Kc1 Rxg2 36. Nc7+ Ke5 37. Ne8 f5 38. c4 Ke6 39. h4 Nd6 40. Nc7+ Ke5 41. Nd5 Nxc4 42. Nf4 Rg1+ 1-0